Population and the environment / (Record no. 143811)

MARC details
000 -LEADER
fixed length control field 00791nam a2200253 a 4500
008 - FIXED-LENGTH DATA ELEMENTS--GENERAL INFORMATION
fixed length control field
020 ## - INTERNATIONAL STANDARD BOOK NUMBER
International Standard Book Number 0198548427 (Hbk.)
049 ## - LOCAL HOLDINGS (OCLC)
Holding library MAIN
090 ## - LOCALLY ASSIGNED LC-TYPE CALL NUMBER (OCLC); LOCAL CALL NUMBER (RLIN)
Classification number (OCLC) (R) ; Classification number, CALL (RLIN) (NR) GF75
Local cutter number (OCLC) ; Book number/undivided call number, CALL (RLIN) POP
003 - CONTROL NUMBER IDENTIFIER
control field
005 - DATE AND TIME OF LATEST TRANSACTION
control field 20230123133148.0
040 ## - CATALOGING SOURCE
Transcribing agency NUST
245 00 - TITLE STATEMENT
Title Population and the environment /
Statement of responsibility, etc. edited by Bryan Cartledge.
260 ## - PUBLICATION, DISTRIBUTION, ETC.
Place of publication, distribution, etc. Oxford ;
-- New York :
Name of publisher, distributor, etc. Oxford University Press,
Date of publication, distribution, etc. 1995.
300 ## - PHYSICAL DESCRIPTION
Extent 191 p. :
Other physical details ill., maps ;
Dimensions 24 cm.
490 1# - SERIES STATEMENT
Series statement The Linacre lectures ;
Volume/sequential designation 1993-4
504 ## - BIBLIOGRAPHY, ETC. NOTE
Bibliography, etc. note Includes bibliographical references.
500 ## - GENERAL NOTE
General note Includes index.
650 #0 - SUBJECT ADDED ENTRY--TOPICAL TERM
Topical term or geographic name entry element Population
General subdivision Environmental aspects.
700 1# - ADDED ENTRY--PERSONAL NAME
Personal name Cartledge, Bryan.
830 #0 - SERIES ADDED ENTRY--UNIFORM TITLE
Uniform title Linacre lecture ;
Volume/sequential designation 1993-4.
907 ## - LOCAL DATA ELEMENT G, LDG (RLIN)
a .b10029977
b 06-11-12
c 17-04-03
942 ## - ADDED ENTRY ELEMENTS (KOHA)
Koha item type Ordinary Loan Books
Call number prefix GF75
Call number suffix POP
Holdings
Date last seen Total Checkouts Full call number Barcode Cost, replacement price Price effective from Koha item type Lost status Source of classification or shelving scheme Damaged status Not for loan Collection Withdrawn status Home library Current library Shelving location Date acquired Cost, normal purchase price
01/23/2023 20 GF75 POP 92003001128 80.00 01/23/2023 BOOKS   LCC     NFIC   MAIN MAIN GEN 01/23/2023 80.00